Lanean...

Anna Karenina/

Xehetasun bibliografikoak
Egile nagusia: Tolstoy Leo
Beste egile batzuk: Balachandran K P (tr.)
Formatua: Printed Book
Argitaratua: Thrissur: Green Books, 2007.
Gaiak:
LEADER 00671nam a22001931a 4500
020 |a 8184230435 
082 |a M3 (FTr.)  |b TOL/A 
100 |a Tolstoy Leo  |9 53751 
245 |a Anna Karenina/  |c by Tolstoy Leo 
260 |a Thrissur:  |b Green Books,  |c 2007. 
300 |a 280p. 
650 |a Novel Translation Russian   |9 53752 
650 |a Novel Malayalam  |9 53753 
650 |a Literature Malayalam  |9 53754 
650 |a Literature  |9 53755 
700 |a Balachandran K P (tr.)  |9 53756 
942 |c BK 
999 |c 2307  |d 2307 
952 |0 0  |1 0  |4 0  |6 M_3_000000000000000_FTR__TOL_A  |7 0  |9 3550  |a SSUS  |b SSUS  |d 2015-01-08  |g 140.00  |l 23  |m 2  |o M3 (FTr.) TOL/A  |p 061281  |r 2019-12-20  |s 2019-11-19  |v 0.00  |w 2015-01-08  |y BK